000 00638nam a22002297a 4500
003 UA-OsUOA
001 67734
007 ta
008 20100309b un ||||| |||| 00| 0 ukr d
090 _a343.2/7
_bВ74
942 _cBK
040 _aUA-OsUOA
_brus
_cUA-OsUOA
_dUA-OsUOA
245 _aВопросы эффективности уголовно-правовых норм
300 _a150 с.
955 _a2
041 _arus
080 _a343.2/7
260 _aСвердловск
_c1978
250 _nВипуск 66
650 7 _a343 Кримінальне право. Карні порушення
_2UDC
999 _c353662
_d353662